[Event "DVM U10 2013"]
[Site "Magdeburg GER"]
[Date "2013.12.27"]
[Round "2"]
[White "Tünte, Lukas"]
[Black "Kittelmann, Anton"]
[Result "0-1"]
[Termination "normal"]
[Board "21.1"]
[WhiteElo "946"]
[BlackElo "867"]
[WhiteTeam "SG Turm Raesfeld/Erle 1"]
[BlackTeam "SG Blau-Weiß Stadtilm 2"]
[EventCountry "GER"]
[EventRounds "6"]
[EventType "team-swiss"]
[EventDate "2013.12.27"]

1. e4 e5 2. Nf3 Nc6 3. Bc4 Bc5 4. Nc3 Nf6 5. d3 d6 6. Bg5 h6 7. Bh4 Be6 8. Bb3
Qd7 9. Bxf6 gxf6 10. Qe2 O-O-O 11. Nd5 Bxd5 12. Bxd5 Qg4 13. Bxc6 bxc6 14. O-O
Rdg8 15. g3 h5 16. Kh1 h4 17. gxh4 Rxh4 18. Rg1 Qh3 19. Nxh4 Rh8 20. Rg3 Qxh4
21. Rg2 Qf4 22. Qg4+ Qxg4 23. Rxg4 Bxf2 24. Kg2 Bd4 25. Rb1 Kd7 26. c3 Bc5 27.
b4 Be3 28. Rg3 Bf4 29. Rh3 Rg8+ 30. Kf3 Bd2 31. Rb3 Ke6 32. c4 d5 33. cxd5+
cxd5 34. exd5+ Kxd5 35. Rh4 Bf4 36. Rg4 Rh8 37. h4 f5 38. Rg7 Rxh4 39. Rxf7 Rg4
40. Rxc7 Rg3+ 41. Ke2 Rg2+ 42. Kf3 Rxa2 43. b5 Ra4 44. Rbc3 Rb4 45. R3c5+ Kd6
46. R7c6+ Kd7 47. Rd5+ Ke7 48. Rc7+ Ke6 49. Rdc5 Kd6 50. R7c6+ Kd7 51. Rc4 Rxb5
52. Ra6 Kd8 53. d4 Rb3+ 54. Ke2 Rb2+ 55. Kd1 Rb1+ 56. Kc2 Rc1+ 57. Kb2 Rxc4 58.
d5 e4 59. Rxa7 e3 60. Ra8+ Kd7 61. Ra1 Be5+ 62. Kb3 Bxa1 63. Kxc4 e2 64. Kc5
e1=Q 65. d6 Qc3+ 66. Kd5 Qd3+ 67. Kc5 Qxd6+ 68. Kc4 Qb6 69. Kd5 Qc6# 0-1

[Event "DVM U10 2013"]
[Site "Magdeburg GER"]
[Date "2013.12.27"]
[Round "2"]
[White "Wilhelm, Anna-Lena"]
[Black "Mühl, Felix"]
[Result "0-1"]
[Termination "normal"]
[Board "21.2"]
[WhiteElo "793"]
[BlackElo "811"]
[WhiteTeam "SG Blau-Weiß Stadtilm 2"]
[BlackTeam "SG Turm Raesfeld/Erle 1"]
[WhiteFideId "16230094"]
[EventCountry "GER"]
[EventRounds "6"]
[EventType "team-swiss"]
[EventDate "2013.12.27"]

1. d4 d5 2. Nc3 Nf6 3. Bf4 Nc6 4. Nf3 Bf5 5. e3 a6 6. Bd3 Bg6 7. Qd2 e6 8. a3
Bd6 9. Bg3 O-O 10. O-O-O e5 11. dxe5 d4 12. exf6 dxc3 13. Qxc3 gxf6 14. Bxd6
Qxd6 15. Bxg6 Qe6 16. Bh5 Qa2 17. Qxf6 Qa1+ 18. Kd2 Rad8+ 19. Ke2 Rxd1 20. Qg5+
Kh8 21. Rxd1 Qxb2 22. Qh6 Qxc2+ 23. Rd2 Qc4+ 24. Kd1 Qa4+ 25. Ke1 Rg8 26. Bg4
Qxg4 27. Qf6+ Qg7 28. Qf4 Qxg2 29. Qf6+ Qg7 30. Qf4 Qa1+ 31. Ke2 Qxa3 32. Qf6+
Rg7 33. Qf4 Qc5 34. Qxc7 Qb5+ 35. Ke1 Qh5 36. Qc8+ Rg8 37. Qxb7 Qxf3 38. Qb2+
f6 39. Qc2 Rg1# 0-1

[Event "DVM U10 2013"]
[Site "Magdeburg GER"]
[Date "2013.12.27"]
[Round "2"]
[White "Gölitz, Lia"]
[Black "Koller, Moritz"]
[Result "0-1"]
[Termination "normal"]
[Board "21.4"]
[WhiteElo "755"]
[BlackElo "600"]
[WhiteTeam "SG Blau-Weiß Stadtilm 2"]
[BlackTeam "SG Turm Raesfeld/Erle 1"]
[WhiteFideId "16230116"]
[EventCountry "GER"]
[EventRounds "6"]
[EventType "team-swiss"]
[EventDate "2013.12.27"]

1. e4 e5 2. Nf3 Nc6 3. Bc4 Bc5 4. Nc3 Nf6 5. d3 h6 6. Be3 Bb6 7. Qd2 O-O 8. O-O
d6 9. Rfb1 Bg4 10. Qe2 Bxf3 11. Qxf3 Bxe3 12. Qxe3 Ng4 13. Qg3 Qg5 14. h3 Nf6
15. Rd1 Nd4 16. Rac1 c6 17. Qxg5 hxg5 18. Re1 b5 19. Bb3 Nxb3 20. axb3 b4 21.
Na4 d5 22. Nc5 Rad8 23. Nb7 Rd7 24. Nc5 Rd6 25. Nb7 Re6 26. Re3 d4 27. Rg3 Nh5
28. Rxg5 Nf4 29. Nc5 Re7 30. Rg3 Ne2+ 31. Kf1 Nxc1 32. Kg1 Ne2+ 33. Kh2 Kh7 {
nicht mehr nachvollziehbar} 0-1

[Event "DVM U10 2013"]
[Site "Magdeburg GER"]
[Date "2013.12.27"]
[Round "2"]
[White "von Asow, Till"]
[Black "Popist, Florian"]
[Result "0-1"]
[Termination "normal"]
[Board "22.1"]
[WhiteElo "811"]
[BlackElo "938"]
[WhiteTeam "Spvgg Rommelshausen"]
[BlackTeam "SK Weisse Dame Hamburg"]
[WhiteFideId "16257162"]
[BlackFideId "16203518"]
[EventCountry "GER"]
[EventRounds "6"]
[EventType "team-swiss"]
[EventDate "2013.12.27"]

1. e4 d5 2. exd5 Nf6 3. Nc3 Nxd5 4. Nxd5 Qxd5 5. d4 Nc6 6. Nf3 Bg4 7. h3 Bxf3
8. Qxf3 Qxf3 9. gxf3 Nxd4 10. Bd3 Nxf3+ 11. Ke2 Ne5 12. Bf4 Nxd3 13. Kxd3
O-O-O+ 14. Ke2 e6 15. Bg5 f6 16. Bh4 g5 17. Bg3 e5 18. h4 Bh6 19. hxg5 Bxg5 20.
Rad1 Rxd1 21. Rxd1 Rd8 22. Rxd8+ Kxd8 23. Kf3 h5 24. Bh2 Kd7 25. b4 b5 26. c3
c6 27. a3 Ke6 28. Ke4 a6 29. f4 exf4 30. Bxf4 Bxf4 31. Kxf4 Kd5 32. Kf5 h4 33.
Kg4 Kc4 34. Kxh4 Kxc3 35. Kg4 Kb3 36. Kf5 Kxa3 37. Kxf6 Kxb4 38. Ke5 a5 39. Kd4
Kb3 40. Kc5 a4 41. Kxc6 a3 42. Kxb5 a2 43. Kc5 a1=Q 44. Kd5 Qc3 45. Ke4 Qd2 46.
Kf3 Qe1 47. Kg2 Qe3 48. Kh1 Qe2 49. Kg1 Kc3 50. Kh1 Kd3 51. Kg1 Ke3 52. Kh1 Kf3
53. Kg1 Kg3 54. Kh1 Qg2# 0-1

[Event "DVM U10 2013"]
[Site "Magdeburg GER"]
[Date "2013.12.27"]
[Round "2"]
[White "Demirkiran, Can Max"]
[Black "Ehmann, Tim"]
[Result "0-1"]
[Termination "normal"]
[Board "22.2"]
[WhiteElo "866"]
[BlackElo "791"]
[WhiteTeam "SK Weisse Dame Hamburg"]
[BlackTeam "Spvgg Rommelshausen"]
[EventCountry "GER"]
[EventRounds "6"]
[EventType "team-swiss"]
[EventDate "2013.12.27"]

1. e4 e5 2. Nc3 Nf6 3. Bc4 Nc6 4. Nf3 Bc5 5. d3 d6 6. Bg5 Be6 7. Nd2 Bxc4 8.
Nxc4 Qd7 9. Qd2 Bb4 10. a3 Ba5 11. O-O-O d5 12. exd5 Nxd5 13. Nxa5 Nxa5 14.
Nxd5 Qxd5 15. b4 Nc6 16. g3 Nd4 17. f4 Qc6 18. fxe5 Nb3+ 19. Kb1 Nxd2+ 20. Rxd2
Qxh1+ 21. Kb2 f6 22. exf6 gxf6 23. Bxf6 Rf8 24. Re2+ Kd7 25. Re7+ Kc6 26. Re6+
Kd7 27. Re7+ Kc8 28. Bg7 Rd8 29. Bf6 Qxh2 30. Rf7 Qh5 31. Rg7 Rf8 32. g4 Qe8
33. Rxh7 Rxf6 34. g5 Rg6 35. Rh5 Qe5+ 36. c3 b6 37. d4 Qe2+ 38. Kb3 Qxh5 39. d5
Qxg5 40. c4 b5 41. a4 Qe3+ 42. Kb2 Rg2+ 43. Ka1 Qe1# 0-1

[Event "DVM U10 2013"]
[Site "Magdeburg GER"]
[Date "2013.12.27"]
[Round "2"]
[White "Eisenhardt, Moritz"]
[Black "Türk, Janusch"]
[Result "0-1"]
[Termination "normal"]
[Board "22.3"]
[WhiteElo "600"]
[BlackElo "805"]
[WhiteTeam "Spvgg Rommelshausen"]
[BlackTeam "SK Weisse Dame Hamburg"]
[BlackFideId "16216717"]
[EventCountry "GER"]
[EventRounds "6"]
[EventType "team-swiss"]
[EventDate "2013.12.27"]

1. e4 e5 2. Nf3 Nc6 3. Bc4 Bc5 4. Nc3 Nf6 5. Ng5 O-O 6. d3 h6 7. Nf3 d6 8. h3
Be6 9. O-O Bxc4 10. dxc4 Bb4 11. a3 Bxc3 12. bxc3 Nxe4 13. Be3 Nxc3 14. Qd3 Na4
15. Qb3 Nb6 16. c5 dxc5 17. Bxc5 Re8 18. Rfe1 e4 19. Nh4 Qxh4 20. Rad1 Qh5 21.
Rd4 Qxc5 22. Rdxe4 Rxe4 23. Qf3 Rae8 24. Rd1 Re1+ 25. Kh2 Qe5+ 26. Qg3 Qxg3+
27. fxg3 Rxd1 28. h4 Ree1 29. g4 Re2 30. g5 hxg5 31. hxg5 Rxc2 32. a4 Rd3 33.
g6 Rdd2 34. gxf7+ Kxf7 35. a5 Rxg2+ 36. Kh3 Rg6 37. axb6 axb6 38. Kh4 Rh2# 0-1

[Event "DVM U10 2013"]
[Site "Magdeburg GER"]
[Date "2013.12.27"]
[Round "2"]
[White "Tolle-Hampel, Theo"]
[Black "Kohleisen, Konstantin"]
[Result "0-1"]
[Termination "normal"]
[Board "22.4"]
[WhiteElo "600"]
[BlackElo "806"]
[WhiteTeam "SK Weisse Dame Hamburg"]
[BlackTeam "Spvgg Rommelshausen"]
[EventCountry "GER"]
[EventRounds "6"]
[EventType "team-swiss"]
[EventDate "2013.12.27"]

1. e4 e5 2. Nf3 Nc6 3. Bc4 Nf6 4. Ng5 d5 5. Nf3 dxc4 6. Nc3 Bg4 7. d3 cxd3 8.
Qxd3 Bd6 9. Qd2 Bxf3 10. gxf3 O-O 11. Qe2 Bb4 12. Qe3 Qd4 13. Qxd4 exd4 14. Bf4
dxc3 15. bxc3 Bxc3+ 16. Kd1 Bxa1 17. Bxc7 Rac8 18. Bd6 Rfd8 19. e5 Bxe5 20. Kc1
Rxd6 21. Re1 Rcd8 22. Kb1 Bc3 23. f4 Bxe1 0-1

[Event "DVM U10 2013"]
[Site "Magdeburg GER"]
[Date "2013.12.27"]
[Round "2"]
[White "von Schoenebeck, Konstantin"]
[Black "Krüger, Oliver"]
[Result "1-0"]
[Termination "normal"]
[Board "23.1"]
[WhiteElo "868"]
[BlackElo "771"]
[WhiteTeam "Schachpinguine Berlin 2"]
[BlackTeam "SF Hettstedt"]
[WhiteFideId "12977349"]
[BlackFideId "16246985"]
[EventCountry "GER"]
[EventRounds "6"]
[EventType "team-swiss"]
[EventDate "2013.12.27"]

1. e4 e5 2. Nf3 Nc6 3. Bc4 Nf6 4. d4 d6 5. d5 Na5 6. Qd3 Be7 7. Bd2 Nxc4 8.
Qxc4 Bd7 9. O-O a6 10. Nc3 O-O 11. Qb4 Rb8 12. Be3 c5 13. dxc6 bxc6 14. Qc4
Rxb2 15. Na4 Be6 16. Qxc6 Bd7 17. Qc4 Bb5 18. Qc3 Bxf1 19. Nxb2 Be2 20. Re1
Nxe4 21. Qc6 Bxf3 22. gxf3 Ng5 23. Bxg5 Bxg5 24. Qe4 Qb6 25. Qg4 Bd2 26. Nc4
Qd4 27. Nxd2 Qxd2 28. Rf1 g6 29. Qc4 Qg5+ 30. Kh1 Qf5 31. Qxa6 Qxf3+ 32. Kg1
Qg4+ 33. Kh1 Qe4+ 34. Kg1 Qxc2 35. a4 d5 36. f4 exf4 37. Rxf4 Qc5+ 38. Kg2 Qc2+
39. Rf2 Qe4+ 40. Rf3 Qg4+ 41. Kf2 Re8 42. Qc6 Rc8 43. Qxd5 Qxa4 44. Qxf7+ Kh8
45. Qf6+ Kg8 46. Qe6+ Kg7 47. Qxc8 Qh4+ 48. Ke3 Qg5+ 49. Ke4 Qe7+ 50. Kd5 Qg5+
51. Kc6 Qc1+ 52. Kb7 Qb1+ 53. Ka7 Qa2+ 54. Kb8 Qb2+ 55. Qb7+ Qxb7+ 56. Kxb7 Kh6
57. Kc6 Kg7 58. Kd5 h5 59. Ke5 Kh6 60. Kf4 g5+ 61. Kg3 h4+ 62. Kg4 Kg6 63. Rf5
h3 64. Rxg5+ Kf6 65. Ra5 Ke6 66. Kxh3 Kf6 67. Kg4 Ke6 68. h4 Kd6 69. h5 Kc6 70.
h6 Kb6 71. Rg5 Kc6 72. h7 Kd6 73. h8=Q Ke6 74. Qf8 Kd7 75. Rg6 Kc7 76. Rf6 Kb7
77. Rf1 Kc6 78. Qe8+ Kd5 79. Rd1+ Kc4 80. Qc8+ Kb3 81. Rb1+ Ka2 82. Qb7 Ka3 83.
Ra1# 1-0

[Event "DVM U10 2013"]
[Site "Magdeburg GER"]
[Date "2013.12.27"]
[Round "2"]
[White "Graw, Alexander"]
[Black "Barac, David"]
[Result "0-1"]
[Termination "normal"]
[Board "23.2"]
[WhiteElo "600"]
[BlackElo "789"]
[WhiteTeam "SF Hettstedt"]
[BlackTeam "Schachpinguine Berlin 2"]
[WhiteFideId "16227670"]
[BlackFideId "16220633"]
[EventCountry "GER"]
[EventRounds "6"]
[EventType "team-swiss"]
[EventDate "2013.12.27"]

1. e4 e5 2. Nf3 Nc6 3. Bc4 Nf6 4. d3 Bc5 5. Bg5 O-O 6. Nc3 d6 7. O-O Bg4 8. h3
Bh5 9. Qe2 Nd4 10. Qd1 Nxf3+ 11. gxf3 Qd7 12. Kh2 h6 13. Bd2 a6 14. Rh1 Bxf2
15. Qf1 Bc5 16. Qg2 b5 17. Bd5 Nxd5 18. exd5 Qf5 19. Bxh6 g6 20. Bxf8 Rxf8 21.
Ne4 Qf4+ 22. Qg3 Qe3 23. Nxc5 dxc5 24. Raf1 Qe2+ 25. Qg2 Qe3 26. Re1 Qd4 27. c3
Qxd5 28. f4 Qxd3 29. fxe5 Re8 30. Qf2 Re7 31. Qh4 Re8 32. Rhg1 Qd2+ 33. Qf2
Qxf2+ 34. Rg2 Qf4+ 35. Rg3 Qf2+ 36. Rg2 Qxe1 37. Rg1 Qxe5+ 0-1

[Event "DVM U10 2013"]
[Site "Magdeburg GER"]
[Date "2013.12.27"]
[Round "2"]
[White "Belkovich, Ivan"]
[Black "Gartenbach, Robin"]
[Result "1-0"]
[Termination "normal"]
[Board "23.3"]
[WhiteElo "790"]
[BlackElo "600"]
[WhiteTeam "Schachpinguine Berlin 2"]
[BlackTeam "SF Hettstedt"]
[EventCountry "GER"]
[EventRounds "6"]
[EventType "team-swiss"]
[EventDate "2013.12.27"]

1. e4 Nc6 2. Nf3 e5 3. Bc4 Nh6 4. Ng5 Qxg5 5. d4 Qd8 6. d5 Na5 7. Qh5 Bb4+ 8.
c3 Bd6 9. Bg5 Be7 10. d6 cxd6 11. Bxh6 g6 12. Qf3 f6 13. Qd3 Nxc4 14. Qxc4 a6
15. O-O b5 16. Qd5 Rb8 17. Na3 Bb7 18. Qd3 f5 19. exf5 gxf5 20. Qxf5 Qb6 21.
Bg7 Rg8 22. Qxh7 Rxg7 23. Qh8+ Bf8 24. Rae1 Bxg2 25. Re4 Bxf1+ 26. Kxf1 Ke7 27.
Qh4+ Kf7 28. Qh5+ Rg6 29. Rg4 Ke6 30. Qxg6+ Kd5 31. c4+ bxc4 32. Qf7+ Kc6 33.
Qxc4+ Qc5 34. Qxa6+ Rb6 35. Qa8+ Rb7 36. Rc4 Qxc4+ 37. Nxc4 Bg7 38. Na5+ Kb6
39. Nxb7 d5 40. Nd6 d4 41. Qb7+ Kc5 42. Qc7+ Kb4 43. Qc4+ Ka5 44. Qb5# 1-0

[Event "DVM U10 2013"]
[Site "Magdeburg GER"]
[Date "2013.12.27"]
[Round "2"]
[White "Kögler, Lukas"]
[Black "Kemke, Annabelle"]
[Result "0-1"]
[Termination "normal"]
[Board "23.4"]
[WhiteElo "600"]
[BlackElo "817"]
[WhiteTeam "SF Hettstedt"]
[BlackTeam "Schachpinguine Berlin 2"]
[BlackFideId "12991821"]
[EventCountry "GER"]
[EventRounds "6"]
[EventType "team-swiss"]
[EventDate "2013.12.27"]

1. e4 e5 2. Bc4 Nf6 3. Bb3 Bc5 4. Qe2 d6 5. Qc4 Be6 6. Qd3 Bxb3 7. cxb3 Ng4 8.
f3 Nf2 9. Kf1 Nxd3 10. h4 g5 11. hxg5 Qxg5 12. g4 Qf4 13. Rh3 Nf2 14. Rh4 Qg3
15. Rh6 Nd3 16. Ne2 Qf2# 0-1

[Event "DVM U10 2013"]
[Site "Magdeburg GER"]
[Date "2013.12.27"]
[Round "2"]
[White "Späth, Carl-Luca"]
[Black "Fricke, Janek Konrad"]
[Result "0-1"]
[Termination "normal"]
[Board "24.1"]
[WhiteElo "784"]
[BlackElo "900"]
[WhiteTeam "SK Neumarkt e.V."]
[BlackTeam "Schachunion Berlin"]
[BlackFideId "12997471"]
[EventCountry "GER"]
[EventRounds "6"]
[EventType "team-swiss"]
[EventDate "2013.12.27"]

1. d4 d5 2. Bf4 f6 3. Nc3 Bd7 4. e3 Bf5 5. Nb5 e5 6. dxe5 Bc5 7. exf6 Nxf6 8.
Nxc7+ Kf8 9. Nxa8 Bd6 10. Bxd6+ Qxd6 11. Qd2 Kf7 12. O-O-O Nbd7 13. Bd3 Bxd3
14. Qxd3 Rxa8 15. e4 Nxe4 16. Qf3+ Ndf6 17. Nh3 Rc8 18. Rhe1 Qc6 19. c3 b5 20.
Rd4 Qc5 21. a3 Qxd4 22. Qf5 Qd2+ 23. Kb1 Qxe1+ 24. Ka2 Nxc3+ 25. bxc3 Qd2+ 26.
Kb1 Qxc3 27. Ng5+ Ke8 28. Qe6+ Kd8 29. Nf7+ Kc7 30. Qe5+ Qxe5 31. Nxe5 Kd6 32.
Nf3 a5 33. Nd4 Kc5 34. Ne6+ Kc4 35. Nxg7 Kb3 36. Ne6 Rc4 37. Nd8 Ne4 0-1

[Event "DVM U10 2013"]
[Site "Magdeburg GER"]
[Date "2013.12.27"]
[Round "2"]
[White "Freier, Leon Michel"]
[Black "Lenz, Sebastian"]
[Result "0-1"]
[Termination "normal"]
[Board "24.2"]
[WhiteElo "867"]
[BlackElo "751"]
[WhiteTeam "Schachunion Berlin"]
[BlackTeam "SK Neumarkt e.V."]
[WhiteFideId "12992895"]
[EventCountry "GER"]
[EventRounds "6"]
[EventType "team-swiss"]
[EventDate "2013.12.27"]

1. e4 e5 2. Nf3 Nc6 3. Bc4 f6 4. c3 Bc5 5. Qb3 Nge7 6. Bf7+ Kf8 7. Bh5 d5 8.
exd5 Na5 9. Qb5 Bd7 10. Qxc5 b6 11. Qc4 Nxc4 12. b3 Nd6 13. c4 b5 14. cxb5 Bxb5
15. Nc3 g6 16. Bg4 Bd7 17. Bxd7 Qxd7 18. O-O c6 19. dxc6 Qxc6 20. Bb2 Ne4 21.
Nxe4 Qxe4 22. Rac1 f5 23. Rfe1 Qg4 24. Rxe5 Rc8 25. Rxc8+ Nxc8 26. Ba3+ Kf7 27.
Bc5 Re8 28. Rd5 Qe4 29. Re5 Rxe5 30. Nxe5+ {Rest nicht nachvollziehbar} 0-1

[Event "DVM U10 2013"]
[Site "Magdeburg GER"]
[Date "2013.12.27"]
[Round "2"]
[White "Franke, Josef"]
[Black "Fricke, Edna Marlene"]
[Result "0-1"]
[Termination "normal"]
[Board "24.3"]
[WhiteElo "815"]
[BlackElo "732"]
[WhiteTeam "SK Neumarkt e.V."]
[BlackTeam "Schachunion Berlin"]
[BlackFideId "12988839"]
[EventCountry "GER"]
[EventRounds "6"]
[EventType "team-swiss"]
[EventDate "2013.12.27"]

1. e4 c5 2. Nc3 Nc6 3. Nf3 g6 4. Bc4 Bg7 5. O-O d6 6. Ng5 d5 7. exd5 Ne5 8. b3
Nf6 9. d6 exd6 10. Qe1 O-O 11. Bxf7+ Nxf7 12. Nxf7 Rxf7 13. d3 d5 14. Bg5 Qe8
15. Qxe8+ Nxe8 16. Rae1 Nf6 17. Bxf6 Bxf6 18. Nxd5 Bg7 19. Re8+ Rf8 20. Rfe1
Bd7 21. R8e7 Rad8 22. Nc7 Bf6 23. R7e2 b5 24. c4 b4 25. Nd5 a5 26. Nxf6+ Rxf6
27. d4 cxd4 28. Rc2 d3 29. Rd2 Rf5 30. Rc1 {nicht mehr nachvollziehbar} 0-1

[Event "DVM U10 2013"]
[Site "Magdeburg GER"]
[Date "2013.12.27"]
[Round "2"]
[White "Vorbau, Albert"]
[Black "Burger, Daiana"]
[Result "1-0"]
[Termination "normal"]
[Board "24.4"]
[WhiteElo "600"]
[BlackElo "733"]
[WhiteTeam "Schachunion Berlin"]
[BlackTeam "SK Neumarkt e.V."]
[BlackFideId "16217233"]
[EventCountry "GER"]
[EventRounds "6"]
[EventType "team-swiss"]
[EventDate "2013.12.27"]

1. e4 e5 2. Nf3 Nc6 3. Bc4 Nf6 4. Nc3 Bb4 5. a3 Ba5 6. Ng5 O-O 7. O-O d6 8. b4
Bg4 9. f3 Bb6+ 10. d4 Bxd4+ 11. Kh1 Bxc3 12. Rb1 Nh5 13. Qd3 Bd4 14. Bd5 Bd7
15. g3 Bh3 16. Nxh3 Qd7 17. g4 Kh8 18. c3 Bb6 19. b5 Na5 20. Bd2 a6 21. c4 axb5
22. Bxa5 Bxa5 23. Bxb7 Ra7 24. Bd5 bxc4 25. Bxc4 Qa4 26. Ng5 Raa8 27. Qd5 Qd7
28. f4 Qxg4 29. Rb2 Bc3 30. Rc2 Rxa3 31. Nxf7+ Kg8 32. Nh6+ Kh8 33. Nxg4 Raa8
34. Rxc3 Rae8 35. Rh3 g6 36. f5 Nf4 37. Bb5 Nxd5 38. Bxe8 Rxe8 39. f6 Nxf6 40.
Nxf6 {Rest nicht nachvollziehbar} 1-0

[Event "DVM U10 2013"]
[Site "Magdeburg GER"]
[Date "2013.12.27"]
[Round "2"]
[White "Trautmann, Leon"]
[Black "Frank, Cillian"]
[Result "0-1"]
[Termination "normal"]
[Board "25.1"]
[WhiteElo "868"]
[BlackElo "746"]
[WhiteTeam "SG Blau-Weiß Stadtilm 3"]
[BlackTeam "TuRa Harksheide 2"]
[BlackFideId "16245202"]
[EventCountry "GER"]
[EventRounds "6"]
[EventType "team-swiss"]
[EventDate "2013.12.27"]

1. e4 e5 2. Nf3 Nc6 3. Nc3 Nf6 4. Bc4 Bc5 5. d3 d6 6. h3 Be6 7. Bb3 Bxb3 8.
axb3 O-O 9. Be3 Bxe3 10. fxe3 d5 11. d4 exd4 12. exd4 dxe4 13. Ne2 e3 14. Qd3
Nb4 15. Qxe3 Nxc2+ 16. Kd2 Nxe3 17. Kxe3 {nicht mehr nachvollziehbar} 0-1

[Event "DVM U10 2013"]
[Site "Magdeburg GER"]
[Date "2013.12.27"]
[Round "2"]
[White "Löding, Sarah-Marie"]
[Black "Wierling, Dennis"]
[Result "0-1"]
[Termination "normal"]
[Board "25.2"]
[WhiteElo "713"]
[BlackElo "795"]
[WhiteTeam "TuRa Harksheide 2"]
[BlackTeam "SG Blau-Weiß Stadtilm 3"]
[WhiteFideId "16245164"]
[EventCountry "GER"]
[EventRounds "6"]
[EventType "team-swiss"]
[EventDate "2013.12.27"]

1. d4 d5 2. Nf3 Nc6 3. Nc3 Nf6 4. Bf4 Bf5 5. Nb5 Nb4 6. Nxc7+ Kd7 7. Nxa8 Nxc2+
8. Kd2 Nxa1 9. Ne5+ Ke8 10. Qxa1 Qxa8 11. f3 Qc8 12. e4 dxe4 13. fxe4 Nxe4+ 14.
Ke3 Qc2 15. Bb5+ Kd8 16. Qc1 Qf2+ 17. Kd3 Nd6+ 18. Kc3 Nxb5+ 19. Kb4 e6+ 20.
Kxb5 a6+ 21. Kb6 Qxd4+ 22. Kxb7 Be4+ 23. Qc6 Qxb2+ 24. Kxa6 Bxc6 25. Nxf7+ Kc8
26. Rc1 Qb5+ 27. Ka7 Qb7# 0-1

[Event "DVM U10 2013"]
[Site "Magdeburg GER"]
[Date "2013.12.27"]
[Round "2"]
[White "Prasser, Oskar"]
[Black "Rößl, Mira"]
[Result "0-1"]
[Termination "normal"]
[Board "25.3"]
[WhiteElo "600"]
[BlackElo "672"]
[WhiteTeam "SG Blau-Weiß Stadtilm 3"]
[BlackTeam "TuRa Harksheide 2"]
[EventCountry "GER"]
[EventRounds "6"]
[EventType "team-swiss"]
[EventDate "2013.12.27"]

1. e4 e5 2. Bc4 Nf6 3. Nc3 Nc6 4. Nf3 Bb4 5. d3 d6 6. Bg5 Bg4 7. O-O O-O 8. a3
Bxc3 9. bxc3 d5 10. exd5 Nxd5 11. Qd2 f6 12. Bh4 g5 13. Bg3 f5 14. d4 e4 15.
Nxg5 f4 16. Ne6 e3 17. Qd3 Bxe6 18. Bxf4 Nxf4 19. fxe3 Nxd3 20. cxd3 Bxc4 21.
dxc4 Rxf1+ 22. Rxf1 Qh4 23. a4 Rf8 24. Rxf8+ Kxf8 25. g3 Qh3 26. d5 Na5 27. c5
c6 28. dxc6 Nxc6 29. e4 b6 30. cxb6 axb6 31. c4 Qg4 32. Kf2 Qxe4 33. h4 Qxc4
34. Kg2 Qxa4 35. Kh3 b5 36. g4 Qf4 37. g5 Qf3+ 38. Kh2 Qg4 39. h5 Qxh5+ 40. Kg3
Qxg5+ 41. Kh3 b4 42. Kh2 b3 43. Kh3 b2 44. Kh2 b1=Q 45. Kh3 Qc5 46. Kh4 Qe4+
47. Kg3 Qc3+ 48. Kf2 Qec2+ 49. Kf1 Qa1# 0-1

[Event "DVM U10 2013"]
[Site "Magdeburg GER"]
[Date "2013.12.27"]
[Round "2"]
[White "Rößl, Sara"]
[Black "Kirsch, Martin"]
[Result "0-1"]
[Termination "normal"]
[Board "25.4"]
[WhiteElo "600"]
[BlackElo "600"]
[WhiteTeam "TuRa Harksheide 2"]
[BlackTeam "SG Blau-Weiß Stadtilm 3"]
[WhiteFideId "16255828"]
[BlackFideId "2925630"]
[EventCountry "GER"]
[EventRounds "6"]
[EventType "team-swiss"]
[EventDate "2013.12.27"]

1. e4 e5 2. Nf3 Nc6 3. Bc4 Nf6 4. Nc3 Bc5 5. O-O O-O 6. d3 h6 7. h3 d6 8. Ne2
Be6 9. Bxe6 fxe6 10. a3 d5 11. Bd2 Qd6 12. Bb4 Bxb4 13. axb4 Nxb4 14. exd5 exd5
15. Qd2 e4 16. dxe4 dxe4 17. Ne1 Qxd2 18. Nc3 Nxc2 19. Rd1 Qf4 20. Nxc2 e3 21.
fxe3 Qe5 22. Rde1 g5 23. Nb4 g4 24. Nd3 Qd6 25. Nb5 Qg3 26. Ne5 gxh3 27. Rf2
Ng4 28. Kf1 Rxf2+ 29. Kg1 Qh2# 0-1